| Поле | Название | Значение |
| |
Тип записи |
a |
| |
Библиографический уровень |
m |
| 001 |
Контрольный номер |
RU/СЮИ МВД России/KNIGI/65.206-13я423/Г93-820431 |
| 005 |
Дата корректировки |
20140508173808.6 |
| 010 |
Индекс ISBN |
__ |
| a |
ISBN |
978-5-91134-337-8 |
| 100 |
Данные общей обработки |
__ |
| a |
Данные общей обработки |
20120302d2009 |||y0rusy0189 |
| 101 |
Язык документа |
0_ |
| a |
Язык текста |
rus |
| 102 |
Страна публикации |
__ |
| a |
Страна публикации |
RU |
| 105 |
Кодированные данные (монография) |
__ |
| a |
Кодированные данные (монография) |
y j 000yy |
| 200 |
Заглавие и сведения об ответственности |
1_ |
| a |
Заглавие |
Предпринимательство в сфере сервиса |
| e |
Сведения, относящиеся к заглавию |
учебное пособие: рек. УМС УМЦ для студентов среднего профессионального образования |
| f |
Первые сведения об ответственности |
О. Н. Гукова, А. М. Петрова |
| 210 |
Выходные данные |
__ |
| a |
Место издания |
М. |
| c |
Издательство |
Форум |
| d |
Дата издания |
2009 |
| 215 |
Физическое описание |
__ |
| a |
Объем |
175 с. |
| 225 |
Серия |
2_ |
| a |
Серия |
Профессиональное образование |
| 320 |
Библиография |
__ |
| a |
Библиография |
Библиогр.: с. 172-173 |
| 606 |
Тематические рубрики |
__ |
| a |
Основная рубрика |
Сектор услуг |
| 620 |
Место и дата публикации, исполнения и т.д. |
__ |
| d |
Город |
Москва |
| 686 |
Индексы других классификаций |
__ |
| a |
Классификационный индекс |
65.206-13я423 |
| 2 |
Код системы |
rubbk |
| 686 |
Индексы других классификаций |
__ |
| a |
Классификационный индекс |
06.71.51 |
| 2 |
Код системы |
rugasnti |
| 700 |
Автор |
_1 |
| a |
Фамилия |
Гукова |
| b |
Имя |
О. Н. |
| 4 |
Код отношения |
070 |
| 701 |
Альтернативная интеллектуальная ответственность |
_1 |
| a |
Фамилия |
Петрова |
| b |
Имя |
А. М. |
| 4 |
Код отношения |
070 |
| 801 |
Источник записи |
_0 |
| b |
Организация |
СЮИ МВД России |
| a |
Страна |
RU |
| c |
Дата составления |
20120302 |
| 801 |
Источник записи |
_1 |
| a |
Страна |
RU |
| b |
Организация |
ПКИ |
| c |
Дата составления |
20120302 |
| 852 |
Данные о местонахождении |
__ |
| a |
Наименование организации |
СЮИ МВД России |
| b |
Сигла хранения |
ЧЗ_Поволжский филиал |
| i |
Авторский знак |
Г93 |
| p |
Инвентарный номер |
140397 |
| j |
Шифр хранения |
65.206-13я423 |
| 901 |
Тип документа |
__ |
| t |
Тип документа |
m |
| 938 |
Служебная информация |
__ |
| a |
Название организации |
Поволжский филиал |
| b |
Имя БД |
Книги_Ирбис |
| c |
Название АИБС |
АБИС ИРБИС |